[Event "Polofinale MCR juniorek 2024"]
[Site "Hotel Fit Fun, Ryžovište 427, 512 46 Harrachov v Krkonoších"]
[Date "2024.11.11"]
[Round "3"]
[Board "1"]
[White "Hosová, Sandra"]
[Black "Pejrimovská, Viola Ruby"]
[Result "0-1"]
[WhiteElo "1854"]
[BlackElo "1850"]
[PlyCount "0"]
[EventDate "2024.11.09"]
[EventRounds "9"]
[EventCountry "CZE"]

1. d4 Nf6 2. Nc3 d5 3. Bf4 g6 4. f3 Bg7 5. e4 Nh5 6. Be3 c5 7. e5 Nc6 8. Bb5 O-O
9. Bxc6 bxc6 10. g4 cxd4 11. Qxd4 f6 12. gxh5 fxe5 13. Qc5 d4 14. Qxc6 dxc3 15. Qxc3
Bf5 16. hxg6 Rc8 17. Qb3+ Kh8 18. Rd1 Qe8 19. c3 Qxg6 20. Rd2 Bf6 21. h4 Qg3+ 22.
Kf1 Rcd8 23. Qd1 e6 24. Rhh2 Qxh2 25. Rxh2 Rxd1+ 26. Ke2 Rb1  0-1

[Event "Polofinale MCR juniorek 2024"]
[Site "Hotel Fit Fun, Ryžovište 427, 512 46 Harrachov v Krkonoších"]
[Date "2024.11.11"]
[Round "3"]
[Board "2"]
[White "Zádrapová, Amálie"]
[Black "Dudová, Pavlína"]
[Result "1-0"]
[WhiteElo "1882"]
[BlackElo "1823"]
[PlyCount "0"]
[EventDate "2024.11.09"]
[EventRounds "9"]
[EventCountry "CZE"]

1. c4 e5 2. Nc3 Nf6 3. g3 d5 4. cxd5 Nxd5 5. Bg2 Nb6 6. Nf3 Nc6 7. O-O Be7 8. a3
O-O 9. b4 a6 10. d3 Be6 11. Be3 f6 12. Rc1 Qe8 13. Ne4 Nd5 14. Bc5 b6 15. Be3 Rd8
16. Qc2 Na7 17. d4 exd4 18. Bxd4 Nb5 19. Bb2 Qf7 20. Ned2 c5 21. e4 Ndc7 22. a4 Nd6
23. bxc5 bxc5 24. e5 Nb7 25. exf6 Bxf6 26. Bxf6 Qxf6 27. Ne4 Qe7 28. Neg5 g6 29.
Rfe1 Qf6 30. Nxe6 Nxe6 31. Qb3  1-0

[Event "Polofinale MCR juniorek 2024"]
[Site "Hotel Fit Fun, Ryžovište 427, 512 46 Harrachov v Krkonoších"]
[Date "2024.11.11"]
[Round "3"]
[Board "3"]
[White "Buchtová, Viktorie"]
[Black "Štastná, Martina"]
[Result "1/2-1/2"]
[WhiteElo "1791"]
[BlackElo "1948"]
[PlyCount "0"]
[EventDate "2024.11.09"]
[EventRounds "9"]
[EventCountry "CZE"]

1. e4 e5 2. Nf3 Nc6 3. Bb5 a6 4. Ba4 Nf6 5. O-O b5 6. Bb3 Be7 7. Re1 O-O 8. d3 d6
9. c3 Na5 10. Bc2 c5 11. Nbd2 Re8 12. Nf1 Bf8 13. Ng3 g6 14. h3 Bg7 15. Nf1 d5 16.
exd5 Nxd5 17. Ne3 Bb7 18. Ng4 Nc6 19. Bb3 Qd6 20. Ng5 Na5 21. Qf3 f5 22. Ne3 Nxb3
23. axb3 Nxe3 24. Qxb7 Qd5 25. Qxd5+ Nxd5 26. Be3 Nxe3 27. Rxe3 h6 28. Nf3 Re7 29.
d4 cxd4 30. Nxd4 Rd7 31. Nxb5 Rb8 32. Na3 Rxb3 33. Nc4 Rc7 34. Nxe5 Rxb2 35. Rxa6
g5 36. Ra3  1/2-1/2

[Event "Polofinale MCR juniorek 2024"]
[Site "Hotel Fit Fun, Ryžovište 427, 512 46 Harrachov v Krkonoších"]
[Date "2024.11.11"]
[Round "3"]
[Board "4"]
[White "Markina, Sofiia"]
[Black "Šulcová, Tereza Radmila"]
[Result "1-0"]
[WhiteElo "1834"]
[BlackElo "1879"]
[PlyCount "0"]
[EventDate "2024.11.09"]
[EventRounds "9"]
[EventCountry "CZE"]

1. e4 g6 2. d4 Bg7 3. Nf3 d6 4. c3 Nf6 5. Bd3 O-O 6. h3 Nc6 7. O-O e5 8. Re1 h6 9.
Be3 Kh7 10. d5 Ne7 11. c4 Ne8 12. Bc2 f5 13. exf5 Bxf5 14. Nc3 Kh8 15. Be4 Nf6 16.
Bxf5 gxf5 17. Nh4 Nd7 18. g3 f4 19. gxf4 exf4 20. Bd4 Ne5 21. Bxe5 Bxe5 22. Qh5 Kh7
23. Rxe5 dxe5 24. Ne4 Rg8+ 25. Kh2 Qf8 26. Qxe5 Qg7 27. Nf6+ Kh8 28. Re1 Rgf8 29.
Nh5 Qxe5 30. Rxe5 Rf7 31. Rxe7 Rxe7 32. Ng6+ Kg8 33. Nxe7+ Kf7 34. d6 cxd6 35. Nd5
Re8 36. Nhxf4 Re4 37. b3 Rd4 38. Kg3 Rd1 39. a4 Rb1 40. b4 Rc1 41. Ne3 Rb1 42. Nfd5
b6 43. Kf3 Ke6 44. Ke4 Rh1 45. Nf4+ Kd7 46. Kd5 Rb1 47. Nd3 Rb3 48. Ke4 Ra3 49. f4
Rxa4 50. f5 a5 51. bxa5 bxa5 52. Kd4 Ke7 53. Nf4 Ra3 54. h4 a4 55. Ng4 Rg3 56. f6+
Kf8 57. Nxh6 Rf3 58. Ne6+ Ke8 59. f7+ Rxf7 60. Nxf7 Kxf7 61. Nf4  1-0

[Event "Polofinale MCR juniorek 2024"]
[Site "Hotel Fit Fun, Ryžovište 427, 512 46 Harrachov v Krkonoších"]
[Date "2024.11.11"]
[Round "3"]
[Board "5"]
[White "Brezíková, Beáta"]
[Black "Sikorová, Jana"]
[Result "1/2-1/2"]
[WhiteElo "1757"]
[BlackElo "1885"]
[PlyCount "0"]
[EventDate "2024.11.09"]
[EventRounds "9"]
[EventCountry "CZE"]

1. e4 g6 2. d4 Bg7 3. Nc3 a6 4. Nf3 d6 5. Be3 b5 6. Bd3 Bb7 7. Ne2 Nf6 8. Ng3 Nbd7
9. O-O O-O 10. h3 c5 11. c3 Rc8 12. Qd2 Qc7 13. Bh6 Rfe8 14. Bxg7 Kxg7 15. Qg5 Kh8
16. Qh6 Nf8 17. h4 Ne6 18. h5 Ng4 19. Qd2 cxd4 20. Nxd4 Nxd4 21. cxd4 Nf6 22. Qf4
Qd8 23. Rfd1 e5 24. Qe3 d5 25. dxe5 Rxe5 26. Qd4 Re6 27. Rac1 dxe4 28. Rxc8 Qxc8
29. Bxe4 Kg7 30. Bxb7 Qxb7 31. hxg6 hxg6 32. Kf1 Qb6 33. Qxb6 Rxb6 34. Rd4 Re6 35.
Rd3 Ng4 36. f3 Ne3+ 37. Kf2 Nc4 38. b3 Nd6  1/2-1/2

[Event "Polofinale MCR juniorek 2024"]
[Site "Hotel Fit Fun, Ryžovište 427, 512 46 Harrachov v Krkonoších"]
[Date "2024.11.11"]
[Round "3"]
[Board "6"]
[White "Šedá, Michaela"]
[Black "Bártová, Hana"]
[Result "1/2-1/2"]
[WhiteElo "1886"]
[BlackElo "1648"]
[PlyCount "0"]
[EventDate "2024.11.09"]
[EventRounds "9"]
[EventCountry "CZE"]

1. e4 e5 2. Nf3 Nf6 3. Nxe5 d6 4. Nf3 Nxe4 5. d4 d5 6. Bd3 Nc6 7. O-O Be7 8. Re1
Bg4 9. c4 Nf6 10. Be3 Nb4 11. Be2 dxc4 12. Bxc4 Bxf3 13. gxf3 Nbd5 14. Nc3 O-O 15.
Kh1 Nb6 16. Bd3 Nfd5 17. Rg1 Kh8 18. Qf1 Qd7 19. Qg2 g6 20. Ne4 Rae8 21. Rae1 Rg8
22. Qg3 Ref8 23. Ng5 Bxg5 24. Qxg5 f6 25. Qh4 Qf7 26. Rg2 f5 27. b3 Re8 28. Rgg1
c6 29. Qg5 Re6  1/2-1/2

[Event "Polofinale MCR juniorek 2024"]
[Site "Hotel Fit Fun, Ryžovište 427, 512 46 Harrachov v Krkonoších"]
[Date "2024.11.11"]
[Round "3"]
[Board "7"]
[White "Kavanová, Anežka"]
[Black "Dorazilová, Kristýna"]
[Result "0-1"]
[WhiteElo "1710"]
[BlackElo "1764"]
[PlyCount "20"]
[EventDate "2024.11.09"]
[EventRounds "9"]
[EventCountry "CZE"]

1. e4 c6 2. d4 d5 3. f3 Qb6 4. Nc3 dxe4 5. fxe4 e5 6. Nf3 exd4 7. Nxd4 Nf6 8. h3
Bc5 9. Nf3 Bf2+ 10. Ke2 Nh5  0-1

[Event "Polofinale MCR juniorek 2024"]
[Site "Hotel Fit Fun, Ryžovište 427, 512 46 Harrachov v Krkonoších"]
[Date "2024.11.11"]
[Round "3"]
[Board "8"]
[White "Dominiková, Denisa"]
[Black "Nesporá, Tatána"]
[Result "1-0"]
[WhiteElo "1696"]
[BlackElo "1730"]
[PlyCount "71"]
[EventDate "2024.11.09"]
[EventRounds "9"]
[EventCountry "CZE"]

1. e4 e6 2. d4 d5 3. Nd2 c5 4. Ngf3 Nc6 5. exd5 Qxd5 6. Bc4 Qd8 7. dxc5 Bxc5 8.
O-O Bd7 9. Ne4 Qe7 10. Nxc5 Qxc5 11. Bd3 Nf6 12. c3 Nd5 13. Re1 h6 14. Bd2 a5 15.
Ne5 Qd6 16. Nxd7 Qxd7 17. Qg4 O-O-O 18. Rad1 Nf6 19. Qxg7 Qe7 20. Qg3 Rhg8 21. Qf3
Ng4 22. Bf4 Qc5 23. Be4 Rxd1 24. Rxd1 Nce5 25. Bxb7+ Kb8 26. Be4 f5 27. Bc2 Ka7 28.
Bxe5 Nxe5 29. Qh3 Qc6 30. Kh1 Ng4 31. Rd2 Qb5 32. Bd3 Qe5 33. Bf1 Qe1 34. Qd3 Rd8
35. Qa6+ Kb8 36. Rxd8+  1-0

[Event "Polofinale MCR juniorek 2024"]
[Site "Hotel Fit Fun, Ryžovište 427, 512 46 Harrachov v Krkonoších"]
[Date "2024.11.11"]
[Round "3"]
[Board "9"]
[White "Mácová, Markéta"]
[Black "Cinková, Vicky"]
[Result "0-1"]
[WhiteElo "1586"]
[BlackElo "1703"]
[PlyCount "104"]
[EventDate "2024.11.09"]
[EventRounds "9"]
[EventCountry "CZE"]

1. e4 c5 2. Nf3 d6 3. d4 cxd4 4. Nxd4 g6 5. Nc3 Bg7 6. Be3 Nf6 7. Bc4 O-O 8. O-O
Nc6 9. f3 Bd7 10. Qd2 Rc8 11. Nxc6 bxc6 12. b4 Qc7 13. Bb3 Rb8 14. a3 Rfd8 15. Rad1
Be6 16. Bxe6 fxe6 17. Ne2 Ra8 18. c4 d5 19. cxd5 exd5 20. exd5 cxd5 21. Nf4 Qd7 22.
Rfe1 e5 23. Nd3 Qf5 24. Bg5 e4 25. Bxf6 Qxf6 26. fxe4 Qd4+ 27. Kh1 dxe4 28. Qa2+
Kh8 29. Nf2 Qe5 30. Qe2 Rxd1 31. Rxd1 Re8 32. Re1 e3 33. Ng4 Qf4 34. Rf1 Qc7 35.
h3 h5 36. Nh2 Qc3 37. Qb5 Re5 38. Qb8+ Kh7 39. Nf3 e2 40. Re1 Re7 41. Qg3 Qe3 42.
Qh4 Bc3 43. b5 Bxe1 44. Nxe1 Qxa3 45. Kh2 Qd6+ 46. Kh1 Rf7 47. g4 Qd5+ 48. Kh2 Qe5+
49. Kg2 Qe4+ 50. Kh2 Qf4+ 51. Kh1 Qf1+ 52. Kh2 Rf2+  0-1

[Event "Polofinale MCR juniorek 2024"]
[Site "Hotel Fit Fun, Ryžovište 427, 512 46 Harrachov v Krkonoších"]
[Date "2024.11.11"]
[Round "3"]
[Board "10"]
[White "Štávová, Markéta"]
[Black "Herynková, Barbora"]
[Result "0-1"]
[WhiteElo "1633"]
[BlackElo "1654"]
[PlyCount "94"]
[EventDate "2024.11.09"]
[EventRounds "9"]
[EventCountry "CZE"]

1. e4 c6 2. d4 d5 3. exd5 cxd5 4. Bd3 Nc6 5. c3 Nf6 6. Bf4 Bg4 7. Qb3 Qd7 8. Nd2
e6 9. Ngf3 Bxf3 10. Nxf3 Bd6 11. Bxd6 Qxd6 12. O-O O-O 13. Rae1 Nd7 14. Qc2 h6 15.
Qe2 Rab8 16. Bb1 Rfc8 17. Qd3 Nf8 18. Re3 b5 19. Rfe1 b4 20. R3e2 bxc3 21. bxc3 Na5
22. Ne5 Nc4 23. Nxc4 Rxc4 24. Rc2 Qa3 25. Qg3 Rb2 26. Rcc1 Rd2 27. Bd3 Rc6 28. Bb1
Rxd4 29. Rc2 Rdc4 30. Rec1 d4 31. Rd1 Rxc3 32. Rxc3 Rxc3 33. Qf4 Qc5 34. h3 e5 35.
Qe4 Rc1 36. Rxc1 Qxc1+ 37. Kh2 Qf4+ 38. Qxf4 exf4 39. g3 Ne6 40. Kg2 Kf8 41. h4 fxg3
42. fxg3 Ke7 43. Kf3 Kd6 44. Ke4 Kc5 45. Kd3 Kb4 46. a4 Kxa4 47. Ba2 Kb4  0-1

[Event "Polofinale MCR juniorek 2024"]
[Site "Hotel Fit Fun, Ryžovište 427, 512 46 Harrachov v Krkonoších"]
[Date "2024.11.11"]
[Round "3"]
[Board "11"]
[White "Dudková, Josefína"]
[Black "Semová, Lada"]
[Result "1/2-1/2"]
[WhiteElo "1751"]
[BlackElo "1643"]
[PlyCount "108"]
[EventDate "2024.11.09"]
[EventRounds "9"]
[EventCountry "CZE"]

1. d4 d5 2. Nf3 Bf5 3. e3 Nf6 4. c4 e6 5. Nc3 Nbd7 6. Qb3 Rb8 7. cxd5 exd5 8. Nxd5
Be4 9. Nc3 Bg6 10. Be2 Bd6 11. O-O O-O 12. Qd1 c6 13. Bd3 Bh5 14. e4 Bc7 15. e5 Ne8
16. Bxh7+ Kh8 17. Bc2 c5 18. Qd3 g6 19. Bh6 Ng7 20. Ne4 cxd4 21. e6 Nxe6 22. Bxf8
Ndxf8 23. h3 f5 24. Ned2 Qf6 25. Rfe1 Rd8 26. Qc4 Bf4 27. Bb3 Rd6 28. Qc8 Ng5 29.
Nxg5 Bxg5 30. Re8 Bh6 31. Nc4 Rc6 32. Qxb7 g5 33. Rb8 Re6 34. Qxa7 g4 35. Nb6 Re7
36. Qa5 gxh3 37. g3 Re5 38. Nd5 Qd6 39. Rd8 Qc6 40. a4 Bf7 41. Qb5 Qe6 42. Qf1 f4
43. Bc4 fxg3 44. fxg3 Qg6 45. Qxh3 Rh5 46. Qg2 Bxd5 47. Rxf8+ Bxf8 48. Bxd5 Rg5 49.
Qh3+ Rh5 50. Qg2 Rg5 51. Qh2+ Rh5 52. Qg2 Rg5 53. Qh3+ Rh5 54. Qg2 Rg5  1/2-1/2

[Event "Polofinale MCR juniorek 2024"]
[Site "Hotel Fit Fun, Ryžovište 427, 512 46 Harrachov v Krkonoších"]
[Date "2024.11.11"]
[Round "3"]
[Board "12"]
[White "Štávová, Helena"]
[Black "Martinkovicová, Nela"]
[Result "1-0"]
[WhiteElo "1652"]
[BlackElo "1537"]
[PlyCount "77"]
[EventDate "2024.11.09"]
[EventRounds "9"]
[EventCountry "CZE"]

1. d4 Nf6 2. Nf3 d5 3. c4 e6 4. Nc3 Nc6 5. Bg5 Be7 6. e3 O-O 7. cxd5 exd5 8. Bd3
Bg4 9. h3 Bxf3 10. Qxf3 Nb4 11. Bb1 c6 12. a3 Na6 13. O-O Nd7 14. Bxe7 Qxe7 15. Bd3
Nc7 16. b4 a5 17. b5 Nf6 18. a4 Ne6 19. Rfc1 Rfc8 20. Rab1 Ng5 21. Qf5 Nge4 22. Nxd5
Nxd5 23. Bxe4 g6 24. Qf3 Qd6 25. Rc5 Nb4 26. Rbc1 f5 27. Bc2 b6 28. Bb3+ Kh8 29.
R5c3 Ra7 30. bxc6 Rac7 31. d5 Rd8 32. Rd1 Qe5 33. Qf4 Qxc3 34. Qxc7 Re8 35. Qf7 Qxb3
36. Qxe8+ Kg7 37. Qe5+ Kh6 38. Qd4 Nc2 39. Qd2  1-0

[Event "Polofinale MCR juniorek 2024"]
[Site "Hotel Fit Fun, Ryžovište 427, 512 46 Harrachov v Krkonoších"]
[Date "2024.11.12"]
[Round "4"]
[Board "1"]
[White "Pejrimovská, Viola Ruby"]
[Black "Markina, Sofiia"]
[Result "1-0"]
[WhiteElo "1850"]
[BlackElo "1834"]
[PlyCount "0"]
[EventDate "2024.11.09"]
[EventRounds "9"]
[EventCountry "CZE"]

1. e4 c5 2. Nf3 e6 3. d4 cxd4 4. Nxd4 Nf6 5. Nc3 d6 6. g4 Be7 7. g5 Nfd7 8. h4 a6
9. Be3 b5 10. f4 Bb7 11. Bg2 Nc6 12. f5 Nxd4 13. Qxd4 Ne5 14. O-O-O Rg8 15. fxe6
fxe6 16. Rhf1 Qd7 17. Bh3 O-O-O 18. Nd5 Bxd5 19. exd5 Kb8 20. Bxe6 Qb7 21. Bxg8 Rxg8
22. Qb6 Qxb6 23. Bxb6 h6 24. Bd4 hxg5 25. Bxe5 dxe5 26. Rf7 Bf6 27. hxg5 Bxg5+ 28.
Kb1 Bf6 29. a3 Rc8 30. d6 e4 31. Re1 Rc4 32. c3 a5 33. d7 b4 34. Rxf6  1-0

[Event "Polofinale MCR juniorek 2024"]
[Site "Hotel Fit Fun, Ryžovište 427, 512 46 Harrachov v Krkonoších"]
[Date "2024.11.12"]
[Round "4"]
[Board "2"]
[White "Štastná, Martina"]
[Black "Zádrapová, Amálie"]
[Result "1-0"]
[WhiteElo "1948"]
[BlackElo "1882"]
[PlyCount "0"]
[EventDate "2024.11.09"]
[EventRounds "9"]
[EventCountry "CZE"]

1. e4 c5 2. Nf3 d6 3. Bb5+ Nd7 4. Bxd7+ Bxd7 5. O-O Nf6 6. Qe2 Bc6 7. d3 g6 8. e5
Bxf3 9. Qxf3 dxe5 10. Qxb7 Bg7 11. Nd2 O-O 12. Ne4 Nxe4 13. Qxe4 e6 14. Rb1 Qd5 15.
b3 Rfc8 16. Re1 Rab8 17. Bb2 Qxe4 18. Rxe4 Rb4 19. Rbe1 f6 20. f4 Rb7 21. fxe5 f5
22. Rc4 Rbc7 23. Re2 Kf7 24. d4 Bf8 25. dxc5 Bxc5+ 26. Kf1 a5 27. a4 Rd8 28. Bc3
Ra8 29. Rd2 Ke7 30. Rd3 Rcc8 31. Bd2 Bb6 32. Bg5+ Ke8 33. Rxc8+ Rxc8 34. Rd6 Bc7
35. Rxe6+ Kd7 36. Re7+ Kc6 37. Rxh7 Bxe5 38. Ra7 Bc7 39. Ra6+ Kd5 40. c4+ Ke4 41.
Rc6 f4 42. Ke2 Kf5 43. Be7 g5 44. Kf1 f3 45. gxf3 g4 46. fxg4+ Kxg4 47. Bd6  1-0

[Event "Polofinale MCR juniorek 2024"]
[Site "Hotel Fit Fun, Ryžovište 427, 512 46 Harrachov v Krkonoších"]
[Date "2024.11.12"]
[Round "4"]
[Board "3"]
[White "Brezíková, Beáta"]
[Black "Hosová, Sandra"]
[Result "1-0"]
[WhiteElo "1757"]
[BlackElo "1854"]
[PlyCount "0"]
[EventDate "2024.11.09"]
[EventRounds "9"]
[EventCountry "CZE"]

1. e4 c5 2. Nc3 a6 3. Nge2 e6 4. g3 b5 5. Bg2 Bb7 6. O-O d6 7. d3 Nf6 8. f4 Be7 9.
e5 Nd5 10. Ne4 dxe5 11. fxe5 Nc6 12. Nf4 Nxe5 13. Qh5 Nxf4 14. Bxf4 Ng6 15. Nd6+
Bxd6 16. Bxb7 Ra7 17. Bc6+ Kf8 18. Be3 Kg8 19. Bxc5 Bxc5+ 20. Qxc5 Rc7 21. Qb6 Qc8
22. Be4 Rxc2 23. d4 Rc7 24. d5 exd5 25. Bxd5 h6 26. Qxg6 Qf8 27. Qf5  1-0

[Event "Polofinale MCR juniorek 2024"]
[Site "Hotel Fit Fun, Ryžovište 427, 512 46 Harrachov v Krkonoších"]
[Date "2024.11.12"]
[Round "4"]
[Board "4"]
[White "Dudová, Pavlína"]
[Black "Dominiková, Denisa"]
[Result "1/2-1/2"]
[WhiteElo "1823"]
[BlackElo "1696"]
[PlyCount "0"]
[EventDate "2024.11.09"]
[EventRounds "9"]
[EventCountry "CZE"]

1. e4 e5 2. Nf3 Nc6 3. Bb5 a6 4. Ba4 Nf6 5. O-O Be7 6. Re1 b5 7. Bb3 d6 8. c3 O-O
9. h3 Nb8 10. d4 Nbd7 11. Nbd2 Bb7 12. Bc2 Re8 13. Nf1 Bf8 14. Ng3 g6 15. Bg5 h6
16. Bd2 Bg7 17. a4 c5 18. d5 c4 19. Be3 Qc7 20. Qd2 Kh7 21. axb5 axb5 22. Nh2 Nc5
23. Rxa8 Rxa8 24. f4 exf4 25. Bxf4 Re8 26. Nf3 Nfd7 27. Nd4 Qb6 28. Qf2 Rf8 29. h4
Ne5 30. Bxe5 Bxe5 31. h5 Kg7 32. hxg6 Bc8 33. Ngf5+ Bxf5 34. Nxf5+ Kxg6 35. Nh4+
Kg7 36. Re3 Nd7 37. Kh1 Rh8 38. Qf3 Nf6 39. Nf5+ Kf8 40. Qe2 h5 41. Rf3 Ng4 42. Ne3
Qa7 43. Bd1 Qe7 44. Rh3 Qf6 45. Nf5 Qg5 46. g3 Qc1 47. Kg2 Qg5 48. Qf3 Rh7 49. Qe2
 1/2-1/2

[Event "Polofinale MCR juniorek 2024"]
[Site "Hotel Fit Fun, Ryžovište 427, 512 46 Harrachov v Krkonoších"]
[Date "2024.11.12"]
[Round "4"]
[Board "5"]
[White "Dorazilová, Kristýna"]
[Black "Buchtová, Viktorie"]
[Result "0-1"]
[WhiteElo "1764"]
[BlackElo "1791"]
[PlyCount "0"]
[EventDate "2024.11.09"]
[EventRounds "9"]
[EventCountry "CZE"]

1. e4 c5 2. Nc3 Nc6 3. Bb5 g6 4. Bxc6 dxc6 5. f4 Nf6 6. Nf3 Bg7 7. d3 Qc7 8. O-O
Bg4 9. h3 Bxf3 10. Qxf3 b6 11. Bd2 O-O-O 12. a3 Nh5 13. e5 Bf8 14. Ne4 h6 15. b4
cxb4 16. axb4 Ng7 17. c3 Ne6 18. d4 Bg7 19. Ra2 f6 20. Qg4 Qd7 21. Qxg6 fxe5 22.
fxe5 Rhg8 23. Qh5 Qd5 24. Rxa7 Qxe4 25. Qf7 Bxe5 26. Qxe6+ Kb8 27. Qxe5+ Qxe5 28.
dxe5 Kxa7 29. Bxh6 Rd3 30. Rf7 Rxh3 31. Rxe7+ Ka6 32. Rg7 Rxg7 33. Bxg7 Rxc3 34.
Kf2 Rc4 35. Kf3 Kb7 36. e6 Kc7 37. e7 Kd7 38. Bf8 Ke8 39. g4 Rxb4 40. g5 Rb1 41.
Kf2 Rb5 42. Ke3 Rxg5 43. Kd4 Rf5 44. Bh6 Kxe7 45. Be3 Kd6 46. Kc4 Kc7 47. Kb4 Kb7
48. Kc4 Rh5 49. Bf2 Rg5 50. Kc3 Rg4 51. Kb3 c5 52. Be1 b5 53. Kc3 Kc6 54. Kb3 Rf4
55. Kc3 Rf3+  0-1

[Event "Polofinale MCR juniorek 2024"]
[Site "Hotel Fit Fun, Ryžovište 427, 512 46 Harrachov v Krkonoších"]
[Date "2024.11.12"]
[Round "4"]
[Board "6"]
[White "Cinková, Vicky"]
[Black "Šedá, Michaela"]
[Result "1-0"]
[WhiteElo "1703"]
[BlackElo "1886"]
[PlyCount "0"]
[EventDate "2024.11.09"]
[EventRounds "9"]
[EventCountry "CZE"]

1. e4 e5 2. Nf3 Nc6 3. Nc3 Nf6 4. Bb5 Bc5 5. Bxc6 dxc6 6. d3 Bd6 7. O-O O-O 8. Bd2
Bg4 9. h3 Bh5 10. Kh1 Qd7 11. Rg1 b5 12. Bg5 Qe6 13. Bxf6 Qxf6 14. g4 Bg6 15. Qe2
h5 16. Nh2 Qh4 17. Qe3 f6 18. Rg3 hxg4 19. Rxg4 Qh7 20. Rag1 Bh5 21. Rxg7+ Qxg7 22.
Rxg7+ Kxg7 23. Qg3+ Kf7 24. Qh4 Rh8 25. Ng4 Be7 26. Qg3 Rag8 27. f3 Bc5 28. Nd1 a5
29. Kg2 a4 30. a3 Ke6 31. Qe1 Bb6 32. Qc3 Kd7 33. Ndf2 Bxf2 34. Kxf2 Bxg4 35. hxg4
Rh2+ 36. Ke3 Rgh8 37. d4 exd4+ 38. Qxd4+ Ke6 39. Qc3 Rd8 40. Qxc6+ Ke7 41. Qxc7+
 1-0

[Event "Polofinale MCR juniorek 2024"]
[Site "Hotel Fit Fun, Ryžovište 427, 512 46 Harrachov v Krkonoších"]
[Date "2024.11.12"]
[Round "4"]
[Board "7"]
[White "Sikorová, Jana"]
[Black "Herynková, Barbora"]
[Result "1-0"]
[WhiteElo "1885"]
[BlackElo "1654"]
[PlyCount "139"]
[EventDate "2024.11.09"]
[EventRounds "9"]
[EventCountry "CZE"]

1. d4 d5 2. c4 c6 3. Nf3 Nf6 4. Nc3 dxc4 5. a4 Bf5 6. e3 e6 7. Bxc4 Bd6 8. O-O Nbd7
9. b3 O-O 10. Ba3 Bxa3 11. Rxa3 Qa5 12. Qc1 Rfe8 13. Ra2 e5 14. dxe5 Nxe5 15. Nxe5
Qxe5 16. Ne2 Ne4 17. Ng3 Nxg3 18. hxg3 Rad8 19. Rd1 Qc7 20. Rad2 h6 21. Rd4 Rxd4
22. Rxd4 Rd8 23. Rf4 Bg6 24. Qa1 c5 25. Rg4 Rd6 26. Kh2 Qd7 27. Qe5 Qxg4 28. Qxd6
Qh5+ 29. Kg1 Bc2 30. Qd8+ Kh7 31. Qd7 f6 32. g4 Qe5 33. Qd8 Qa1+ 34. Kh2 Qe5+ 35.
Kh3 h5 36. Qg8+ Kh6 37. Qh8+ Kg6 38. Qxh5+ Qxh5+ 39. gxh5+ Kxh5 40. Kg3 a6 41. Kf4
g5+ 42. Kf3 b5 43. axb5 axb5 44. Bf7+ Kh6 45. Ke2 Kg7 46. Bd5 Bf5 47. Bc6 b4 48.
e4 Be6 49. Bd5 Bd7 50. Kd3 Bb5+ 51. Bc4 Bc6 52. Ba6 f5 53. f3 Kf6 54. exf5 Kxf5 55.
Kc4 Kf4 56. Kxc5 Bd7 57. Kxb4 Kg3 58. Bb7 Bf5 59. Kc5 Bd3 60. b4 Bf1 61. b5 Bxg2
62. b6 Bxf3 63. Bxf3 Kxf3 64. b7 g4 65. b8=Q g3 66. Qb1 Kf2 67. Qc2+ Kf1 68. Qd3+
Kf2 69. Qf5+ Ke1 70. Qf3  1-0

[Event "Polofinale MCR juniorek 2024"]
[Site "Hotel Fit Fun, Ryžovište 427, 512 46 Harrachov v Krkonoších"]
[Date "2024.11.12"]
[Round "4"]
[Board "8"]
[White "Šulcová, Tereza Radmila"]
[Black "Bártová, Hana"]
[Result "1-0"]
[WhiteElo "1879"]
[BlackElo "1648"]
[PlyCount "101"]
[EventDate "2024.11.09"]
[EventRounds "9"]
[EventCountry "CZE"]

1. g3 d5 2. Bg2 Nf6 3. b3 e5 4. c4 dxc4 5. bxc4 Qd4 6. Qa4+ c6 7. Nc3 Be6 8. Nf3
Qxc4 9. Qxc4 Bxc4 10. Nxe5 Ba6 11. Bb2 Bd6 12. Nf3 Nbd7 13. h3 O-O 14. O-O Rfe8 15.
d3 Rad8 16. Rfd1 Ne5 17. Rac1 Bc7 18. Na4 Ned7 19. Bf1 Bb5 20. Nc5 Nxc5 21. Rxc5
Bb6 22. Rf5 Nd5 23. Ne5 f6 24. Ng4 h5 25. Rxh5 g6 26. Rh4 Kg7 27. e4 g5 28. Rh5 Ne7
29. Bxf6+ Kf7 30. Rh7+ Ke6 31. Bxg5 Rd4 32. Rh6+ Kf7 33. Be3 Ra4 34. Bxb6 axb6 35.
Rd2 Rd8 36. f3 Kg7 37. Re6 Kf7 38. Rf6+ Kg7 39. Kf2 Bc4 40. h4 Bxa2 41. h5 Ra5 42.
h6+ Kh7 43. Ke3 Ng8 44. Rf4 Rd6 45. e5 Re6 46. Rf7+ Kh8 47. Rxb7 c5 48. Rh2 Ra8 49.
f4 Ne7 50. Nf6 Bb3 51. Bh3  1-0

[Event "Polofinale MCR juniorek 2024"]
[Site "Hotel Fit Fun, Ryžovište 427, 512 46 Harrachov v Krkonoších"]
[Date "2024.11.12"]
[Round "4"]
[Board "9"]
[White "Nesporá, Tatána"]
[Black "Kavanová, Anežka"]
[Result "1/2-1/2"]
[WhiteElo "1730"]
[BlackElo "1710"]
[PlyCount "60"]
[EventDate "2024.11.09"]
[EventRounds "9"]
[EventCountry "CZE"]

1. e4 c5 2. Nf3 d6 3. d4 cxd4 4. Nxd4 Nf6 5. Nc3 g6 6. f3 Bg7 7. Be3 O-O 8. Qd2 Nc6
9. Bc4 Nxd4 10. Bxd4 Be6 11. Bb3 Qa5 12. O-O-O Rfc8 13. Kb1 b5 14. g4 Rc6 15. g5
Bxb3 16. cxb3 Nh5 17. Nd5 Qxd2 18. Rxd2 Kf8 19. Bxg7+ Nxg7 20. f4 Rac8 21. Rf1 Ne6
22. h4 Nc5 23. Re2 Nd3 24. a3 Rc1+ 25. Rxc1 Rxc1+ 26. Ka2 Rf1 27. Rc2 Nc1+ 28. Kb1
Nxb3+ 29. Ka2 Nc1+ 30. Kb1 Nd3+  1/2-1/2

[Event "Polofinale MCR juniorek 2024"]
[Site "Hotel Fit Fun, Ryžovište 427, 512 46 Harrachov v Krkonoších"]
[Date "2024.11.12"]
[Round "4"]
[Board "10"]
[White "Dudková, Josefína"]
[Black "Štávová, Helena"]
[Result "1-0"]
[WhiteElo "1751"]
[BlackElo "1652"]
[PlyCount "73"]
[EventDate "2024.11.09"]
[EventRounds "9"]
[EventCountry "CZE"]

1. d4 d5 2. Nf3 c5 3. e3 Nc6 4. b3 Bg4 5. Bb2 cxd4 6. exd4 e6 7. a3 Nf6 8. Nbd2 Bd6
9. h3 Bh5 10. Be2 O-O 11. O-O Qe7 12. Ne5 Bxe2 13. Qxe2 Nd7 14. f4 f5 15. c4 Nf6
16. c5 Bxe5 17. fxe5 Ne4 18. Nxe4 dxe4 19. b4 Rfd8 20. Qc4 a6 21. Rxf5 Rf8 22. Rff1
Rae8 23. Qe2 Qh4 24. Rae1 Rxf1+ 25. Rxf1 Rd8 26. Qe3 Ne7 27. Rf4 Qh5 28. Qxe4 Nd5
29. Rf1 Qg5 30. Bc1 Qe7 31. Bd2 Qd7 32. Ra1 Ne7 33. Bg5 h6 34. Bxe7 Qxe7 35. c6 bxc6
36. Qxc6 Rxd4 37. Qxa6  1-0

[Event "Polofinale MCR juniorek 2024"]
[Site "Hotel Fit Fun, Ryžovište 427, 512 46 Harrachov v Krkonoších"]
[Date "2024.11.12"]
[Round "4"]
[Board "11"]
[White "Semová, Lada"]
[Black "Štávová, Markéta"]
[Result "1-0"]
[WhiteElo "1643"]
[BlackElo "1633"]
[PlyCount "97"]
[EventDate "2024.11.09"]
[EventRounds "9"]
[EventCountry "CZE"]

1. e4 Nf6 2. Nc3 e5 3. Bc4 Bb4 4. d3 h6 5. Nge2 O-O 6. a3 Ba5 7. Bd2 c6 8. f4 d6
9. fxe5 dxe5 10. h3 Bb6 11. Rf1 Nh5 12. Rf3 Qh4+ 13. Kf1 Qe7 14. g4 Nf6 15. Ng3 Nh7
16. Nf5 Bxf5 17. gxf5 Nd7 18. Rg3 Kh8 19. Qf3 Bd4 20. Rb1 b5 21. Ba2 a5 22. Ne2 Bb6
23. Rg2 Ndf6 24. h4 Qc5 25. Rc1 Qe7 26. Ng3 Rg8 27. Ke2 Raf8 28. c3 Rb8 29. b4 a4
30. c4 Rbc8 31. c5 Bc7 32. Rcg1 Rcf8 33. Be3 Bb8 34. Kd2 Qd7 35. Kc2 Qe7 36. Nf1
Bc7 37. Nh2 Bb8 38. Qe2 Bc7 39. h5 Bb8 40. Rh1 Bc7 41. Nf3 Rd8 42. Nh4 Rgf8 43. Bxh6
gxh6 44. Bxf7 Rg8 45. Bxg8 Rxg8 46. Ng6+ Rxg6 47. hxg6 Qg7 48. gxh7 Qxh7 49. Rg6
 1-0